رواد المسرح الأمريكي / (رقم التسجيلة. 20147)
[ عرض عادي ]
| 000 -LEADER | |
|---|---|
| fixed length control field | 00686nam a22002177a 4500 |
| 005 - DATE AND TIME OF LATEST TRANSACTION | |
| control field | 20251108165024.0 |
| 008 - FIXED-LENGTH DATA ELEMENTS--GENERAL INFORMATION | |
| fixed length control field | 250721s1965 xx 000 0 ara d |
| 082 14 - DEWEY DECIMAL CLASSIFICATION NUMBER | |
| Classification number | 927.92/واج |
| 100 1# - MAIN ENTRY--PERSONAL NAME | |
| Personal name | واجنر، فردريك |
| 245 10 - TITLE STATEMENT | |
| Title | رواد المسرح الأمريكي / |
| 264 1# - PRODUCTION, PUBLICATION, DISTRIBUTION, MANUFACTURE, AND COPYRIGHT NOTICE | |
| Place of production, publication, distribution, manufacture | القاهرة : |
| Name of producer, publisher, distributor, manufacturer | دار الكرنك للنشر و الطبع و التوزيع، |
| Date of production, publication, distribution, manufacture, or copyright notice | 1965. |
| 300 ## - PHYSICAL DESCRIPTION | |
| Extent | 168ص |
| 490 0# - SERIES STATEMENT | |
| Series statement | سلسلة المكتبة الفنية ؛ 5 |
| 650 17 - SUBJECT ADDED ENTRY--TOPICAL TERM | |
| Topical term or geographic name as entry element | الفنانون |
| 650 17 - SUBJECT ADDED ENTRY--TOPICAL TERM | |
| Topical term or geographic name as entry element | التراجم |
| 650 17 - SUBJECT ADDED ENTRY--TOPICAL TERM | |
| Topical term or geographic name as entry element | المسرح |
| 700 1# - ADDED ENTRY--PERSONAL NAME | |
| Personal name | برادى، باربرا |
| 700 1# - ADDED ENTRY--PERSONAL NAME | |
| Personal name | عزيز، مشرقي |
| Relator term | ترجمة |
| 942 ## - ADDED ENTRY ELEMENTS (KOHA) | |
| Source of classification or shelving scheme | Dewey Decimal Classification |
| Koha item type | كتب |
| حالة السحب | حالة الفقدان | مصدر التصنيف | حالة التلف | غير قابل للإعارة | المكتبة الرئيسية | المكتبة الحالية | موقع الرف | تاريخ التزويد | الرقم المتسلسل | Total Checkouts | رقم الإستدعاء | الباركود | تاريخ آخر ظهور | تاريخ الفاتورة | نوع المادة (كوها) |
|---|---|---|---|---|---|---|---|---|---|---|---|---|---|---|---|
| Dewey Decimal Classification | المكتبة المركزية | المكتبة المركزية | الإعارة | 06/07/2004 | 11862 | 927.92/واج | 11862 | 28/07/2025 | 06/07/2004 | كتب |